| 000 | 00355nam a2200145Ia 4500 | ||
|---|---|---|---|
| 008 | 230917s9999||||xx |||||||||||||| ||und|| | ||
| 040 |
_e72705 _aMAIN |
||
| 041 | _aEnglish | ||
| 082 | _a658 C392P | ||
| 100 | _aChaturvedi, C L | ||
| 245 | 0 | _aPrinciples of business studies | |
| 260 |
_aDelhi _bShree Mahavir Book Depot |
||
| 300 | _a347 p. | ||
| 942 | _cBK | ||
| 999 |
_c89600 _d89600 |
||